000 01230nam a2200301 a 4500
999 _c529445
_d529445
001 917537
003 NUST
005 20190926111309.0
008 830421s1982 dcua b 000 0 eng
010 _a 82050975
020 _a0309034523 (pbk.) :
_c$7.60
038 _aMSOHAIL
040 _aDLC
_cDLC
_dDLC
050 0 0 _aHE5614
_b.Z43 1982
082 0 0 _a025.06363125
_219
100 1 _aZegeer, Charles V.
_921521
245 1 0 _aHighway accident analysis systems /
_cCharles V. Zeeger (Goodell-Grivas, Inc.) ; topic panel, Philip Brinkman ... [et al.].
260 _aWashington, D.C. :
_bTransportation Research Board, National Research Council,
_c[1982]
300 _a69 p. :
_bill. ;
_c28 cm.
490 1 _aSynthesis of highway practice / National Cooperative Highway Research Program,
_x0547-5570 ;
_v91
504 _aIncludes bibliographical references.
650 0 _aInformation storage and retrieval systems
_xTraffic accidents.
_921522
650 0 _aTraffic accidents
_xData processing.
_921523
710 2 _aNational Research Council (U.S.).
_bTransportation Research Board.
_919676
830 0 _aSynthesis of highway practice ;
_v91.
_921524
906 _a7
_bcbc
_corignew
_d2
_eocip
_f19
_gy-gencatlg
942 _2ddc
_cBK